Grant Journal vědecký časopis

Periodikum má charakter recenzovaného časopisu a ponúka priestor pre prezentáciu výsledkov základného i aplikovaného výskumu podporeného verejnými grantmi a dotáciami.

Gespeichert in:
Bibliographische Detailangaben
Format: Schriftenreihe
Sprache:Englisch
Tschechisch
Slowakisch
Polnisch
Veröffentlicht: Hradec Králové MAGNANIMITAS
Schlagworte:
Tags: Tag hinzufügen
Keine Tags, Fügen Sie das erste Tag hinzu!

MARC

LEADER 00000nls a2200000 4500
001 0246707
005 20250225150219.8
022 |a 1805-0638 
041 0 |a eng 
041 0 |a cze 
041 0 |a slo 
041 0 |a pol 
044 |a CZ 
245 1 0 |a Grant Journal  |b vědecký časopis 
264 1 |a Hradec Králové  |b MAGNANIMITAS 
520 |a Periodikum má charakter recenzovaného časopisu a ponúka priestor pre prezentáciu výsledkov základného i aplikovaného výskumu podporeného verejnými grantmi a dotáciami. 
610 2 0 |a veda ekonomická 
610 2 0 |a výskum aplikovaný 
610 2 0 |a inovácia 
610 2 0 |a projekty 
610 2 0 |a granty